000 00318nam a2200133Ia 4500
005 20260328104333.0
008 260328s9999||||xx |||||||||||||| ||und||
100 _aFiell, Charlotte
245 0 _a1000 Lights /
_cCharlotte Fiell
260 _bTaschen
300 _a575 p.
650 _aDISEÑO INDUSTRIAL
942 _cBK
999 _c11787
_d11787